000 00488nam a2200157 a 4500
008 841113s1982 dcuab b f100 0 eng
020 _a9789355401236
050 0 0 _aTC425.P8
_bS37, 2022
100 _aSarma, Abhiit
245 0 2 _aField and laboratory techniques for water management and dryland agriculture :
260 _aNew Delhi :
_bKalyani Publishers.,
_c2022
300 _axi, 322 p. :
_bill., maps ;
650 0 _aWater resources development
650 0 _aWater-supply
942 _cBK
999 _c2637
_d2637